000 00650cam a22002411 4500
001 sa 64000495
003 DLC
005 20260227111956.0
008 940602s1957 ii b 000 0 beno
010 _asa 64000495
025 _aPL480:EP-B-77
035 _a(OCoLC)30538482
040 _aDLC
_cCU
_dCU
_dDLC
042 _apremarc
050 0 0 _aBP52
_b.R612
100 1 _aRoy, M. N.
_q(Manabendra Nath),
_d1887-1954.
245 1 0 _aIsalāmera aitihāsika abadāna.
_bThe historical role of Islam.
260 _c[1957]
300 _a125 p.
_c19 cm.
500 _aIn Bengali.
504 _aBibliographical footnotes.
650 0 _aIslam
_xHistory.
999 _c56265
_d56265